000 00345nam a2200169Ia 4500
100 _aBaweja/Harinder
650 _aGeneral
942 _cBK
366 _f20
654 _a26-Nov
245 _a26/11 Mumbai attacked
260 _bLotus collection
_c2009
082 _a303.625/BAW
_bBAW
300 _a216
546 _aENGLISH
999 _c28158
_d28158